Soros kereszttűzben. [Soros György: Laissez faire]
Elmentve itt :
| Szerző: | |
|---|---|
| Adatforrás: | Meister |
| Forrásdokumentuma: | A Hét. - 11-21 sz., 1997, 12 p. |
| Nyelv: | magyar |
| Kulcsszavak: | történetfilozófia-recenzió politika-filozófia recenzió nyílt társadalom neoliberalizmus liberalizmus (neo) liberalizmus SOROS György HABERMAS Jürgen VARGAS LLIOSA Mario |
| LEADER | 00633nab a2200217 i 4500 | ||
|---|---|---|---|
| 001 | bibPRO00007064 | ||
| 008 | 060524s1997 xx hun | ||
| 040 | |a Sz1 | ||
| 041 | |a hun | ||
| 100 | 1 | |a SZÁSZ János | |
| 245 | 1 | 0 | |a Soros kereszttűzben. [Soros György: Laissez faire] |c SZÁSZ János |
| 695 | |a történetfilozófia-recenzió | ||
| 695 | |a politika-filozófia recenzió | ||
| 695 | |a nyílt társadalom | ||
| 695 | |a neoliberalizmus | ||
| 695 | |a liberalizmus (neo) | ||
| 695 | |a liberalizmus | ||
| 695 | |a SOROS György | ||
| 695 | |a HABERMAS Jürgen | ||
| 695 | |a VARGAS LLIOSA Mario | ||
| 773 | 0 | |t A Hét. - |g 11-21 sz., 1997, 12 p. | |